[Event "LTU ch Semifinal 2021"]
[Site "Kaunas"]
[Date "2021.09.25"]
[Round "2"]
[Board "11"]
[White "Morkunas, Gustas"]
[Black "Vazgauskas, Povilas"]
[Result "1-0"]
[WhiteElo "1885"]
[BlackElo "1532"]
[PlyCount "81"]
[EventDate "2021.09.24"]
[EventRounds "8"]
[EventCountry "LTU"]

1. e4 e5 2. Nf3 Nf6 3. Nxe5 d6 4. Nf3 Nxe4 5. Qe2 Qe7 6. d3 Nf6 7. Bg5 Qxe2+ 8.
Bxe2 Be7 9. Nc3 Bf5 10. Nd4 Bd7 11. Ncb5 Kd8 12. Bf3 c6 13. Nc3 Na6 14. O-O-O
Nc5 15. Rde1 Ne6 16. Be3 Kc7 17. Nf5 Rhe8 18. Nxe7 Rxe7 19. h4 Ree8 20. g4 Nf8
21. Reg1 Ng6 22. g5 Ne5 23. gxf6 Nxf3 24. Rxg7 Ne5 25. Rxh7 Be6 26. Rg1 Rh8 27.
Rgg7 Rxh7 28. Rxh7 Ng4 29. Ne4 Kd7 30. Bg5 c5 31. f3 Ne5 32. f4 Nf3 33. f5 Bd5
34. Nc3 Re8 35. b3 Kc6 36. Nxd5 Kxd5 37. Rxf7 Kd4 38. Re7 Rf8 39. f7 Ne5 40.
Bf6 b6 41. Bg7  1-0

[Event "LTU ch Semifinal 2021"]
[Site "Kaunas"]
[Date "2021.09.25"]
[Round "2"]
[Board "12"]
[White "Berginas, Sigitas"]
[Black "Povilaitis, Matas"]
[Result "0-1"]
[WhiteElo "1380"]
[BlackElo "1720"]
[PlyCount "76"]
[EventDate "2021.09.24"]
[EventRounds "8"]
[EventCountry "LTU"]

1. d4 d5 2. Bf4 c5 3. Bxb8 Rxb8 4. dxc5 e6 5. e3 Bxc5 6. Bb5+ Bd7 7. Bxd7+ Qxd7
8. Qe2 Nf6 9. Nf3 O-O 10. O-O b5 11. Nbd2 Rfc8 12. c3 Bf8 13. Rac1 g6 14. Nb3
Bg7 15. Ne5 Qb7 16. a3 Ne4 17. Nd3 Qb6 18. Nd2 Nd6 19. Nb1 Rc6 20. Rc2 Rbc8 21.
Rfc1 Bh6 22. Ne5 R6c7 23. Nd3 Nf5 24. Kh1 Qd6 25. Nd2 Qe7 26. Ne5 Qe8 27. Nd3
d4 28. e4 Nd6 29. e5 Nf5 30. Nb4 a5 31. Nd3 Qd8 32. g4 dxc3 33. Rxc3 Nd4 34.
Rxc7 Rxc7 35. Qd1 Bxd2 36. Rxc7 Qxc7 37. Qxd2 Qc6+ 38. f3 Qxf3+  0-1

[Event "LTU ch Semifinal 2021"]
[Site "Kaunas"]
[Date "2021.09.25"]
[Round "2"]
[Board "13"]
[White "Barsciauskas, Gintautas"]
[Black "Zilakauskis, Steponas"]
[Result "1-0"]
[WhiteElo "1544"]
[BlackElo "1773"]
[PlyCount "86"]
[EventDate "2021.09.24"]
[EventRounds "8"]
[EventCountry "LTU"]

1. c4 e6 2. Nc3 Nf6 3. g3 c5 4. Bg2 d6 5. Nf3 Nbd7 6. O-O a6 7. Re1 Rb8 8. d4
Be7 9. e4 cxd4 10. Nxd4 Ne5 11. b3 h5 12. h3 Nfd7 13. f4 Nc6 14. Be3 Bf6 15.
Rc1 Nxd4 16. Bxd4 b5 17. cxb5 axb5 18. f5 Ne5 19. Rf1 b4 20. Ne2 Ba6 21. Rc2
Rc8 22. Rd2 Bg5 23. Rc2 Bd3 24. Rb2 Qd7 25. Rf2 Bxe2 26. Qxe2 Rc1+ 27. Kh2 Ng4+
28. hxg4 hxg4+ 29. Bh3 Rxh3+ 30. Kg2 Rhh1 31. Qxg4 Rcg1+ 32. Kf3 d5 33. Rbe2
Rh4 34. Qxg5 dxe4+ 35. Ke3 Rh3 36. Rg2 Rf1 37. fxe6 fxe6 38. Qg6+ Kd8 39. Qxe4
Rd1 40. Bc5 Rd5 41. Bxb4 Rhh5 42. Bc3 Qa7+ 43. Bd4 Rxd4  1-0

[Event "LTU ch Semifinal 2021"]
[Site "Kaunas"]
[Date "2021.09.25"]
[Round "2"]
[Board "14"]
[White "Slusnys, Evaldas"]
[Black "Zalimas, Ugnius"]
[Result "1/2-1/2"]
[WhiteElo "1747"]
[BlackElo "1324"]
[PlyCount "32"]
[EventDate "2021.09.24"]
[EventRounds "8"]
[EventCountry "LTU"]

1. e4 c5 2. Nf3 d6 3. d4 cxd4 4. Nxd4 Nf6 5. Nc3 g6 6. Be2 Bg7 7. Be3 O-O 8.
O-O Nc6 9. Nb3 Bd7 10. Qd2 Rc8 11. Bh6 Ne5 12. Bxg7 Kxg7 13. Qd4 Nc6 14. Qd2
Ne5 15. Qd4 Nc6 16. Qd2 Ne5  1/2-1/2

[Event "LTU ch Semifinal 2021"]
[Site "Kaunas"]
[Date "2021.09.25"]
[Round "3"]
[Board "1"]
[White "Stremavicius, Pijus"]
[Black "Juknis, Paulius"]
[Result "1-0"]
[WhiteElo "2253"]
[BlackElo "2173"]
[PlyCount "71"]
[EventDate "2021.09.24"]
[EventRounds "8"]
[EventCountry "LTU"]

1. e4 g6 2. d4 Bg7 3. Nc3 d5 4. Nf3 Nf6 5. Bd3 dxe4 6. Nxe4 Nxe4 7. Bxe4 Nd7 8.
c3 O-O 9. O-O c5 10. Bc2 cxd4 11. Nxd4 a6 12. Bg5 Nf6 13. h3 Qa5 14. Bh4 e5 15.
Nb3 Qc7 16. Bg3 Nh5 17. Bh2 Bd7 18. Qf3 Rae8 19. Rad1 f5 20. Nc5 Bc6 21. Bb3+
Kh8 22. Bd5 Bb5 23. Ne6 Rxe6 24. Bxe6 Bxf1 25. Kxf1 Qb6 26. Bb3 f4 27. Rd7 e4
28. Qd1 Ng3+ 29. Ke1 Nh1 30. Bg1 e3 31. f3 Bf6 32. Bh2 Nf2 33. Qd5 Bg7 34. Bxf4
Nd3+ 35. Qxd3 Rxf4 36. Rd8+  1-0

[Event "LTU ch Semifinal 2021"]
[Site "Kaunas"]
[Date "2021.09.25"]
[Round "3"]
[Board "3"]
[White "Indriunas, Matas"]
[Black "Kalvaitis, Sigitas"]
[Result "0-1"]
[WhiteElo "2205"]
[BlackElo "2171"]
[PlyCount "96"]
[EventDate "2021.09.24"]
[EventRounds "8"]
[EventCountry "LTU"]

1. e4 e6 2. d4 d5 3. Nd2 c5 4. exd5 exd5 5. Ngf3 Nf6 6. Bb5+ Nc6 7. O-O Be7 8.
dxc5 O-O 9. Nb3 Bg4 10. Be3 Qc7 11. c3 Rad8 12. Bd4 Ne4 13. Bxc6 bxc6 14. Qd3
Bxf3 15. Qxf3 a5 16. Qe3 Rfe8 17. f3 Ng5 18. Qf2 Ne6 19. Nc1 Bg5 20. Kh1 Nxd4
21. cxd4 Be3 22. Qh4 Qb7 23. Nd3 f6 24. b3 Qb5 25. Rfd1 a4 26. Rab1 axb3 27.
Rxb3 Qa4 28. Nb4 Rb8 29. Rdb1 Bd2 30. a3 Bc1 31. Qf2 Bxa3 32. Qa2 Rxb4 33. h3
Reb8 34. Rxb4 Rxb4 35. Re1 Rb2 36. Qa1 Qc2 37. Rg1 Ra2 38. Qe1 Qe2 39. Qa5 h6
40. Qa8+ Kh7 41. Qxc6 Rd2 42. Qxd5 Qd3 43. Qa8 Bb4 44. c6 Rd1 45. c7 Rxg1+ 46.
Kxg1 Qe3+ 47. Kh2 Bd6+ 48. g3 Bxc7  0-1

[Event "LTU ch Semifinal 2021"]
[Site "Kaunas"]
[Date "2021.09.25"]
[Round "3"]
[Board "4"]
[White "Povilaitis, Tomas"]
[Black "Vedrickas, Tautvydas"]
[Result "0-1"]
[WhiteElo "1973"]
[BlackElo "2359"]
[PlyCount "64"]
[EventDate "2021.09.24"]
[EventRounds "8"]
[EventCountry "LTU"]

1. e4 c5 2. Nc3 a6 3. f4 b5 4. d4 cxd4 5. Qxd4 Nc6 6. Qf2 e6 7. Be3 Nf6 8. Bb6
Ng4 9. Bxd8 Nxf2 10. Kxf2 Nxd8 11. g4 h5 12. gxh5 Bb7 13. Bg2 Rc8 14. a3 Rxh5
15. Rd1 Bxa3 16. Nxb5 Rxc2+ 17. Ne2 Bc5+ 18. Nbd4 Rxb2 19. Bf3 Rh6 20. Kg3 Rg6+
21. Kh3 Bxd4 22. Nxd4 Nc6 23. Ne2 Rb3 24. Rhf1 Nb4 25. Rb1 Rxf3+ 26. Rxf3 Bxe4
27. Rxb4 Bxf3 28. Nd4 Be4 29. Ra4 f5 30. Rxa6 Bg2+ 31. Kh4 Rg4+ 32. Kh5 Kf7  0-1

[Event "LTU ch Semifinal 2021"]
[Site "Kaunas"]
[Date "2021.09.25"]
[Round "3"]
[Board "5"]
[White "Greicius, Pijus"]
[Black "Steponavicius, Stasys"]
[Result "0-1"]
[WhiteElo "2080"]
[BlackElo "2194"]
[PlyCount "72"]
[EventDate "2021.09.24"]
[EventRounds "8"]
[EventCountry "LTU"]

1. d4 Nf6 2. c4 e6 3. Nc3 Bb4 4. e3 O-O 5. Bd2 d5 6. Nf3 Nbd7 7. Rc1 dxc4 8.
Bxc4 c5 9. a3 cxd4 10. Nxd4 Ne5 11. Be2 Bc5 12. Nb3 Be7 13. O-O b6 14. Nb5 Bb7
15. Bc3 Ng6 16. N5d4 Rc8 17. Bd3 Ne4 18. Be1 Rxc1 19. Nxc1 Qd5 20. f3 Nc5 21.
Be2 Rd8 22. Bf2 Qg5 23. b4 e5 24. bxc5 exd4 25. exd4 Nf4 26. Bg3 Rxd4 27. Qc2
Bxc5 28. Kh1 Nxe2 29. Qxe2 Rd8 30. Re1 h5 31. Qc4 Qd5 32. Qc3 Qd4 33. Qc2 Bxa3
34. Nb3 Qd7 35. Qa2 Bb4 36. Rg1 a5  0-1

[Event "LTU ch Semifinal 2021"]
[Site "Kaunas"]
[Date "2021.09.25"]
[Round "3"]
[Board "6"]
[White "Pidluznij, Gleb"]
[Black "Morkunas, Gustas"]
[Result "1/2-1/2"]
[WhiteElo "2008"]
[BlackElo "1885"]
[PlyCount "44"]
[EventDate "2021.09.24"]
[EventRounds "8"]
[EventCountry "LTU"]

1. d4 Nf6 2. Bg5 g6 3. Bxf6 exf6 4. e3 d5 5. c4 dxc4 6. Bxc4 Bd6 7. Nf3 O-O 8.
O-O c6 9. Nc3 Nd7 10. a4 a5 11. h3 f5 12. Qe2 Nf6 13. Rfd1 Qe7 14. Rac1 Bd7 15.
Rc2 Rad8 16. Rcd2 Kg7 17. Qd3 h6 18. Qc2 Bb4 19. Ne5 Be6 20. Qb3 Bxc4 21. Qxc4
Rfe8 22. Re2 Bd6  1/2-1/2

[Event "LTU ch Semifinal 2021"]
[Site "Kaunas"]
[Date "2021.09.25"]
[Round "3"]
[Board "7"]
[White "Povilaitis, Matas"]
[Black "Grybas, Gintaras"]
[Result "0-1"]
[WhiteElo "1720"]
[BlackElo "2007"]
[PlyCount "104"]
[EventDate "2021.09.24"]
[EventRounds "8"]
[EventCountry "LTU"]

1. d4 Nf6 2. Bg5 d5 3. e3 Bf5 4. Nd2 Nbd7 5. c3 c6 6. Bxf6 Nxf6 7. f4 Qb6 8.
Qb3 Ng4 9. Qxb6 axb6 10. Ke2 h5 11. Nh3 e6 12. Nf2 b5 13. h3 Nf6 14. Nd3 Nd7
15. g3 Nb6 16. Bg2 Nc4 17. e4 Bg6 18. Nxc4 bxc4 19. Nf2 Bd6 20. Ke3 Kd7 21. g4
Bh7 22. g5 h4 23. Bf3 Bg6 24. Rhg1 Ke7 25. Bd1 Ra5 26. Bc2 c5 27. f5 cxd4+ 28.
cxd4 exf5 29. exf5 Bh5 30. Bd1 Bxd1 31. Nxd1 Kd7 32. Nc3 Kc6 33. Kd2 Re8 34. g6
Bf4+ 35. Kc2 f6 36. Rge1 Raa8 37. a4 Bg3 38. Re2 b6 39. b3 cxb3+ 40. Kxb3 Rxe2
41. Nxe2 Re8 42. Nxg3 hxg3 43. Rg1 Re3+ 44. Kc2 Ra3 45. h4 Rxa4 46. Kd3 Ra8 47.
Rc1+ Kd7 48. Rb1 Rh8 49. Rxb6 Rxh4 50. Ke3 Rg4 51. Rb1 Rg5 52. Kf3 g2  0-1

[Event "LTU ch Semifinal 2021"]
[Site "Kaunas"]
[Date "2021.09.25"]
[Round "3"]
[Board "8"]
[White "Barsciauskas, Gintautas"]
[Black "Aleknavicius, Andrius"]
[Result "0-1"]
[WhiteElo "1544"]
[BlackElo "1989"]
[PlyCount "66"]
[EventDate "2021.09.24"]
[EventRounds "8"]
[EventCountry "LTU"]

1. c4 f5 2. Nf3 Nf6 3. g3 g6 4. Bg2 Bg7 5. Nc3 O-O 6. d4 d6 7. O-O Qe8 8. Bg5
e5 9. dxe5 dxe5 10. Nd5 Nxd5 11. Qxd5+ Kh8 12. Qd2 Nc6 13. Bh6 Be6 14. Bxg7+
Kxg7 15. Qc3 Bg8 16. Rfd1 h6 17. e3 Kh7 18. b4 e4 19. Nd4 Ne5 20. Bf1 Rd8 21.
a4 Qe7 22. Be2 g5 23. h3 Qf6 24. Qc2 Bf7 25. Kg2 Bg6 26. Rg1 f4 27. Bd1 Nf3 28.
Ra2 fxe3 29. fxe3 Nxg1 30. Kxg1 Rxd4 31. exd4 Qf1+ 32. Kh2 e3 33. Qe2 Rf2+  0-1

[Event "LTU ch Semifinal 2021"]
[Site "Kaunas"]
[Date "2021.09.25"]
[Round "3"]
[Board "9"]
[White "Raugevicius, Matas"]
[Black "Narmontas, Raimondas"]
[Result "1/2-1/2"]
[WhiteElo "1398"]
[BlackElo "1983"]
[PlyCount "98"]
[EventDate "2021.09.24"]
[EventRounds "8"]
[EventCountry "LTU"]

1. e4 c6 2. d4 d5 3. exd5 cxd5 4. Bd3 Nc6 5. c3 Nf6 6. h3 Qc7 7. Nf3 g6 8. O-O
Bf5 9. Be2 Bg7 10. Be3 h6 11. Nbd2 g5 12. Re1 Bg6 13. Ne5 Nxe5 14. dxe5 Nd7 15.
e6 fxe6 16. Bh5 Kf7 17. Qg4 Bxh5 18. Qxh5+ Kg8 19. Nf3 e5 20. Rad1 Qc6 21. h4
Nf6 22. Qg6 Ng4 23. Qxc6 bxc6 24. hxg5 Nxe3 25. Rxe3 e4 26. Nh4 Kf7 27. g6+ Ke8
28. f3 exf3 29. Rxf3 Bf6 30. Nf5 Rg8 31. g7 Bxg7 32. Rg3 Kf8 33. Rf1 Bf6 34.
Re3 Ke8 35. Nxh6 Rg6 36. Ng4 Rxg4 37. Rxf6 Kd7 38. Rf7 Re8 39. Kf2 Kd6 40. Rf6+
e6 41. Kf3 Rg5 42. g4 c5 43. Kf4 Rg7 44. g5 d4 45. cxd4 cxd4 46. Re4 Kd5 47.
Re5+ Kd6 48. Re4 Kd5 49. Re5+ Kd6  1/2-1/2

[Event "LTU ch Semifinal 2021"]
[Site "Kaunas"]
[Date "2021.09.25"]
[Round "3"]
[Board "10"]
[White "Kavaliauskas, Tomas"]
[Black "Simkunaite, Gabija"]
[Result "0-1"]
[WhiteElo "1361"]
[BlackElo "1948"]
[PlyCount "86"]
[EventDate "2021.09.24"]
[EventRounds "8"]
[EventCountry "LTU"]

1. d4 Nf6 2. Nf3 d5 3. Bg5 e6 4. e3 c5 5. c3 Nc6 6. Be2 Qb6 7. Qb3 Be7 8. Qxb6
axb6 9. O-O Bd7 10. Nbd2 Ne4 11. Bxe7 Nxd2 12. Nxd2 Kxe7 13. Bb5 Ra5 14. a4 Nb8
15. Bxd7 Nxd7 16. e4 Rha8 17. exd5 cxd4 18. dxe6 fxe6 19. cxd4 Rxa4 20. Nb3 b5
21. Rfc1 Kd6 22. h4 Rxa1 23. Nxa1 Ra2 24. b4 Rb2 25. Nc2 Nb6 26. g4 Nd5 27. Kf1
Nxb4 28. Nxb4 Rxb4 29. Rd1 Kd5 30. f3 Rxd4 31. Rb1 b4 32. Ke2 b5 33. h5 Kc4 34.
Ke3 Rd3+ 35. Ke4 b3 36. f4 Rd2 37. f5 exf5+ 38. gxf5 b2 39. h6 gxh6 40. f6 Rf2
41. Ke5 Kc3 42. Ke6 Kc2 43. f7 Kxb1  0-1

[Event "LTU ch Semifinal 2021"]
[Site "Kaunas"]
[Date "2021.09.25"]
[Round "3"]
[Board "11"]
[White "Bagdanskis, Dangis"]
[Black "Praspaliauskas, Matas"]
[Result "1-0"]
[WhiteElo "1893"]
[BlackElo "1313"]
[PlyCount "55"]
[EventDate "2021.09.24"]
[EventRounds "8"]
[EventCountry "LTU"]

1. d4 Nf6 2. Nf3 d6 3. Bf4 g6 4. Nbd2 Bg7 5. e4 O-O 6. Bd3 Nbd7 7. O-O b6 8. h4
Bb7 9. Qe2 a6 10. c3 Qe8 11. Nc4 e5 12. dxe5 Nh5 13. Bh2 Nxe5 14. Nfxe5 Bxe5
15. Nxe5 dxe5 16. Qe3 Qe6 17. f3 Rfe8 18. Bc2 Nf6 19. Bb3 Qe7 20. Rad1 Rad8 21.
Qg5 Rxd1 22. Rxd1 Kg7 23. Bg3 Rd8 24. Qxe5 Rxd1+ 25. Bxd1 Qd7 26. Bb3 c5 27. h5
Qd8 28. Bh4  1-0

[Event "LTU ch Semifinal 2021"]
[Site "Kaunas"]
[Date "2021.09.25"]
[Round "3"]
[Board "12"]
[White "Misiuk, Martynas"]
[Black "Berginas, Sigitas"]
[Result "1-0"]
[WhiteElo "1657"]
[BlackElo "1380"]
[PlyCount "57"]
[EventDate "2021.09.24"]
[EventRounds "8"]
[EventCountry "LTU"]

1. e4 e6 2. d4 d5 3. Bd3 dxe4 4. Bxe4 Nf6 5. Bf3 Be7 6. Ne2 O-O 7. O-O c6 8. c4
Nbd7 9. Nbc3 Nb6 10. b3 Re8 11. Qc2 Bf8 12. Bg5 Be7 13. Rad1 h6 14. Bh4 Nh7 15.
Bxe7 Qxe7 16. Rfe1 Ng5 17. Be4 Nxe4 18. Nxe4 Rd8 19. Nf4 Qf8 20. Re3 Bd7 21.
Rg3 f5 22. Ng6 Qb4 23. Nc5 Bc8 24. Qe2 Re8 25. Qh5 Nd7 26. Ne5 Re7 27. Qh4 Rf7
28. Nxf7 Kxf7 29. Qh5+  1-0

[Event "LTU ch Semifinal 2021"]
[Site "Kaunas"]
[Date "2021.09.25"]
[Round "3"]
[Board "13"]
[White "Bosikis, Titas"]
[Black "Slusnys, Evaldas"]
[Result "1-0"]
[WhiteElo "1373"]
[BlackElo "1747"]
[PlyCount "73"]
[EventDate "2021.09.24"]
[EventRounds "8"]
[EventCountry "LTU"]

1. e4 c5 2. Nf3 d6 3. d4 cxd4 4. Nxd4 Nf6 5. Nc3 g6 6. Be3 Bg7 7. f3 Nc6 8. Qd2
Bd7 9. O-O-O O-O 10. h4 h5 11. g4 Nxd4 12. Bxd4 Qa5 13. gxh5 Qxh5 14. Be2 Bh6
15. Be3 Kh7 16. Rdg1 Bxe3 17. Qxe3 Qh6 18. Qxh6+ Kxh6 19. f4 Bc6 20. Bd3 Rh8
21. Rh2 Kg7 22. f5 Rh6 23. fxg6 Rah8 24. gxf7+ Kxf7 25. Rgh1 Ke6 26. Kd2 Ng4
27. Bc4+ Ke5 28. Rg2 Rxh4 29. Rxh4 Rxh4 30. Be2 Nf6 31. Rg5+ Kd4 32. Bd3 Nxe4+
33. Nxe4 Rh2+ 34. Be2 Kxe4 35. Rg4+ Ke5 36. Rg3 Bb5 37. Rg5+  1-0

[Event "LTU ch Semifinal 2021"]
[Site "Kaunas"]
[Date "2021.09.25"]
[Round "3"]
[Board "14"]
[White "Zalimas, Ugnius"]
[Black "Zilakauskis, Steponas"]
[Result "0-1"]
[WhiteElo "1324"]
[BlackElo "1773"]
[PlyCount "52"]
[EventDate "2021.09.24"]
[EventRounds "8"]
[EventCountry "LTU"]

1. e4 e6 2. d4 d5 3. exd5 exd5 4. Bd3 Nc6 5. c3 Bd6 6. Qf3 Be6 7. Ne2 Nge7 8.
h3 Ng6 9. O-O Qd7 10. Be3 Nce7 11. Ng3 O-O-O 12. Nd2 h5 13. b4 Nh4 14. Qe2 Bxh3
15. Bg5 Nxg2 16. Bxe7 Nf4 17. Qf3 Qxe7 18. Bf5+ Bxf5 19. Nxf5 Qg5+ 20. Ng3 h4
21. Rad1 hxg3 22. fxg3 Rh3 23. Kf2 Rh2+ 24. Kg1 Rdh8 25. Rf2 Qxg3+ 26. Rg2 Rh1#
 0-1

[Event "LTU ch Semifinal 2021"]
[Site "Kaunas"]
[Date "2021.09.25"]
[Round "3"]
[Board "15"]
[White "Plutaite, Ausra"]
[Black "Vazgauskas, Povilas"]
[Result "1-0"]
[WhiteElo "1472"]
[BlackElo "1532"]
[PlyCount "61"]
[EventDate "2021.09.24"]
[EventRounds "8"]
[EventCountry "LTU"]

1. e4 e5 2. Nf3 Nf6 3. Nxe5 d6 4. Nf3 Nxe4 5. d3 Nf6 6. d4 Bg4 7. Be2 Be7 8.
Bg5 h6 9. Bh4 O-O 10. O-O Nbd7 11. Nbd2 c6 12. c4 g5 13. Bg3 Nh5 14. Qc2 Nxg3
15. fxg3 Qb6 16. Qe4 Bxf3 17. Nxf3 Bf6 18. Bd3 Rfe8 19. Qh7+ Kf8 20. Qxh6+ Ke7
21. Rae1+ Kd8 22. Rxe8+ Kxe8 23. Bf5 Bxd4+ 24. Nxd4 Qxd4+ 25. Kh1 Rd8 26. b3
Qd2 27. Qg7 Ne5 28. Be6 Rd7 29. Qg8+ Ke7 30. Rxf7+ Kxe6 31. Qe8+  1-0

[Event "LTU ch Semifinal 2021"]
[Site "Kaunas"]
[Date "2021.09.26"]
[Round "4"]
[Board "2"]
[White "Vedrickas, Tautvydas"]
[Black "Eigminas, Kipras"]
[Result "1-0"]
[WhiteElo "2359"]
[BlackElo "2140"]
[PlyCount "79"]
[EventDate "2021.09.24"]
[EventRounds "8"]
[EventCountry "LTU"]

1. d4 d5 2. c4 e6 3. Nc3 c6 4. e3 Nf6 5. Nf3 Nbd7 6. Qc2 Bd6 7. b3 b6 8. Bb2
Bb7 9. Bd3 O-O 10. O-O Qe7 11. Rfe1 Rfe8 12. e4 dxe4 13. Nxe4 Ba3 14. Bxa3 Qxa3
15. c5 Nxe4 16. Rxe4 bxc5 17. d5 c4 18. dxe6 fxe6 19. Bxc4 Nf8 20. Ng5 Qa5 21.
Rxe6 Rxe6 22. Bxe6+ Kh8 23. Nf7+ Kg8 24. Bc4 Ba6 25. Rd1 Qc5 26. Nh6+ Kh8 27.
Nf7+ Kg8 28. Ne5+ Bxc4 29. Qxc4+ Qxc4 30. Nxc4 Ne6 31. g3 Rd8 32. Re1 Nc5 33.
Re7 Nd7 34. Re6 Rc8 35. Nd6 Rd8 36. Nb7 Rb8 37. Na5 c5 38. Nc6 Rb6 39. Re8+ Nf8
40. Rc8  1-0

[Event "LTU ch Semifinal 2021"]
[Site "Kaunas"]
[Date "2021.09.26"]
[Round "4"]
[Board "3"]
[White "Salna, Aleksandras"]
[Black "Steponavicius, Stasys"]
[Result "1/2-1/2"]
[WhiteElo "2230"]
[BlackElo "2194"]
[PlyCount "107"]
[EventDate "2021.09.24"]
[EventRounds "8"]
[EventCountry "LTU"]

1. d4 Nf6 2. c4 e6 3. Nf3 b6 4. Nc3 Bb4 5. Qc2 Bb7 6. a3 Bxc3+ 7. Qxc3 Ne4 8.
Qc2 O-O 9. e3 d6 10. Be2 Nd7 11. O-O f5 12. b4 Rf6 13. d5 Rg6 14. Bb2 exd5 15.
cxd5 Bxd5 16. Bc4 Bxc4 17. Qxc4+ Kh8 18. Qd5 Ne5 19. Bxe5 dxe5 20. Qxd8+ Rxd8
21. Nxe5 Rf6 22. Rfd1 Rxd1+ 23. Rxd1 Nd6 24. Nc6 Rf8 25. a4 a6 26. Rd5 Re8 27.
g3 g6 28. a5 b5 29. Nd4 Ne4 30. h4 Kg8 31. h5 Kf7 32. Nc6 Nf6 33. Rc5 Ne4 34.
Rd5 Nf6 35. Rd1 Re4 36. Nd4 gxh5 37. Rc1 Nd5 38. Rc5 Nxb4 39. Rxc7+ Kg6 40. Rd7
h4 41. Rd6+ Kf7 42. gxh4 f4 43. Nf3 fxe3 44. fxe3 Rxe3 45. Kf2 Ra3 46. h5 Nd3+
47. Rxd3 Rxa5 48. Rd7+ Kf6 49. Rxh7 b4 50. Rh6+ Kf7 51. Ke3 b3 52. Kd2 Rf5 53.
Nh4 Rc5 54. Rxa6  1/2-1/2

[Event "LTU ch Semifinal 2021"]
[Site "Kaunas"]
[Date "2021.09.26"]
[Round "4"]
[Board "4"]
[White "Simkunaite, Gabija"]
[Black "Indriunas, Matas"]
[Result "1-0"]
[WhiteElo "1948"]
[BlackElo "2205"]
[PlyCount "107"]
[EventDate "2021.09.24"]
[EventRounds "8"]
[EventCountry "LTU"]

1. e4 c5 2. c3 d5 3. exd5 Qxd5 4. d4 g6 5. Nf3 Bg7 6. dxc5 Qxc5 7. Be3 Qc7 8.
Be2 Nf6 9. h3 O-O 10. O-O Nc6 11. Na3 Rd8 12. Qa4 a6 13. Nb5 Qb8 14. Nbd4 Nd5
15. Nxc6 bxc6 16. Rad1 Bd7 17. Bc1 e5 18. Qh4 f6 19. Qa4 Qb7 20. Rfe1 Be6 21.
Bc4 Kh8 22. Qc2 Ne3 23. Bxe3 Bxc4 24. b3 Bg8 25. Rd2 a5 26. Red1 Rxd2 27. Rxd2
a4 28. c4 axb3 29. Qxb3 Qa6 30. Rc2 f5 31. Nd2 e4 32. f3 exf3 33. Nxf3 Rd8 34.
Bd2 Qa7+ 35. Be3 Qe7 36. Rc1 Qe4 37. Bf2 h6 38. Qb6 Rd3 39. Qb8 Qe2 40. Re1 Rd1
41. Rxd1 Qxd1+ 42. Kh2 Qd7 43. a4 Kh7 44. c5 Qd3 45. Qc7 Kh8 46. Qxc6 Bd5 47.
Qe8+ Kh7 48. Qd7 Kg8 49. c6 Qc4 50. c7 Be6 51. Qd8+ Kh7 52. Bd4 g5 53. Qe7 Bf7
54. c8=Q  1-0

[Event "LTU ch Semifinal 2021"]
[Site "Kaunas"]
[Date "2021.09.26"]
[Round "4"]
[Board "5"]
[White "Juknis, Paulius"]
[Black "Aleknavicius, Andrius"]
[Result "1/2-1/2"]
[WhiteElo "2173"]
[BlackElo "1989"]
[PlyCount "41"]
[EventDate "2021.09.24"]
[EventRounds "8"]
[EventCountry "LTU"]

1. d4 f5 2. Nf3 Nf6 3. g3 g6 4. Bg2 Bg7 5. O-O O-O 6. b3 Ne4 7. Bb2 d5 8. c4 e6
9. e3 c6 10. Ne5 Nd7 11. Nd3 g5 12. f3 Nd6 13. Nd2 Nf6 14. Ne5 Nf7 15. Qe2 g4
16. f4 Bd7 17. Rfc1 Rc8 18. a4 h5 19. Rc2 Nh6 20. Ba3 Re8 21. Rac1  1/2-1/2

[Event "LTU ch Semifinal 2021"]
[Site "Kaunas"]
[Date "2021.09.26"]
[Round "4"]
[Board "6"]
[White "Grybas, Gintaras"]
[Black "Bagdanskis, Dangis"]
[Result "0-1"]
[WhiteElo "2007"]
[BlackElo "1893"]
[PlyCount "106"]
[EventDate "2021.09.24"]
[EventRounds "8"]
[EventCountry "LTU"]

1. d4 d5 2. c4 e6 3. Nf3 Nf6 4. Bg5 Be7 5. e3 Ne4 6. Bxe7 Qxe7 7. Qb3 O-O 8.
Bd3 dxc4 9. Qxc4 Nd6 10. Qc2 h6 11. O-O c6 12. Ne5 Nd7 13. Nc3 Ne8 14. f4 Nc7
15. Rf3 Nd5 16. a3 Nxc3 17. bxc3 c5 18. Be4 Rb8 19. c4 Qd6 20. Rd1 cxd4 21.
exd4 f5 22. c5 Qc7 23. Bd3 Nxe5 24. fxe5 Qe7 25. Qa4 Bd7 26. Bb5 Bxb5 27. Qxb5
Rfd8 28. Rb3 Rd5 29. Qb4 Qd7 30. Qb5 Qd8 31. Qe2 Rxd4 32. Rbd3 Rxd3 33. Rxd3
Qc7 34. Qe3 Rc8 35. Rc3 Rd8 36. c6 bxc6 37. Qc5 Rd5 38. Qxc6 Qxe5 39. Rc1 Kh7
40. Rf1 Qe3+ 41. Kh1 Qe2 42. Rg1 Rd1 43. Qc5 Rxg1+ 44. Qxg1 a5 45. h3 Qe4 46.
Qc5 a4 47. Qf8 f4 48. Kh2 e5 49. Qf7 f3 50. gxf3 Qf4+ 51. Qxf4 exf4 52. h4 Kg6
53. Kg2 Kh5  0-1

[Event "LTU ch Semifinal 2021"]
[Site "Kaunas"]
[Date "2021.09.26"]
[Round "4"]
[Board "7"]
[White "Raugevicius, Matas"]
[Black "Pidluznij, Gleb"]
[Result "0-1"]
[WhiteElo "1398"]
[BlackElo "2008"]
[PlyCount "88"]
[EventDate "2021.09.24"]
[EventRounds "8"]
[EventCountry "LTU"]

1. e4 c5 2. Nf3 Nc6 3. Bb5 Nf6 4. e5 Nd5 5. Nc3 Nc7 6. Bxc6 dxc6 7. d3 g6 8.
O-O Bg7 9. Re1 O-O 10. h3 b6 11. a4 Ba6 12. b3 Ne6 13. Ne4 h6 14. Be3 Nd4 15.
Nxd4 cxd4 16. Bf4 c5 17. Nd2 Bb7 18. Nc4 Qd5 19. f3 Qe6 20. Qe2 Kh7 21. Bd2 Bd5
22. Qf2 g5 23. Qg3 Rg8 24. Qg4 Qxg4 25. hxg4 Rac8 26. Re2 Rc6 27. Be1 Re6 28.
Bg3 Kg6 29. Kf2 Rc8 30. Bh2 Rh8 31. Bg3 h5 32. gxh5+ Rxh5 33. Nd2 g4 34. fxg4
Rg5 35. Nf3 Rxg4 36. Rh1 f6 37. Nh2 Rg5 38. Nf3 Rf5 39. exf6 Rexf6 40. Ke1 Bxf3
41. gxf3 Kf7 42. Be5 Rh6 43. Rxh6 Bxh6 44. Kf2 Be3+  0-1

[Event "LTU ch Semifinal 2021"]
[Site "Kaunas"]
[Date "2021.09.26"]
[Round "4"]
[Board "8"]
[White "Narmontas, Raimondas"]
[Black "Povilaitis, Tomas"]
[Result "0-1"]
[WhiteElo "1983"]
[BlackElo "1973"]
[PlyCount "116"]
[EventDate "2021.09.24"]
[EventRounds "8"]
[EventCountry "LTU"]

1. e4 c5 2. d4 cxd4 3. Qxd4 Nc6 4. Qd2 g6 5. Nc3 Bg7 6. b3 Nf6 7. f3 d5 8. Bb2
d4 9. Nb5 O-O 10. O-O-O e5 11. Ba3 Re8 12. Nd6 Bf8 13. Nc4 Bg7 14. Kb1 a6 15.
Nd6 Re6 16. Nxc8 Rxc8 17. h4 Qa5 18. Kb2 b5 19. Qxa5 Nxa5 20. Bd3 Rec6 21. Bb4
Nb7 22. g4 Nd7 23. Rh2 Ndc5 24. Bxc5 Nxc5 25. Nh3 Bf8 26. a3 Be7 27. g5 f5 28.
Nf2 Rf8 29. Rh3 Bd6 30. h5 Rc7 31. Rdh1 Rg7 32. exf5 gxf5 33. g6 hxg6 34. hxg6
Nxd3+ 35. Nxd3 Rxg6 36. Rh8+ Kf7 37. R8h7+ Rg7 38. R7h6 Rg6 39. Rh7+ Ke6 40.
Re1 Kd5 41. Rd7 Kc6 42. Re7 Rff6 43. R1xe5 Bxe7 44. Rxe7 Rh6 45. b4 Re6 46. Rf7
Rhf6 47. Rg7 f4 48. Nc5 Re3 49. Ra7 Kd5 50. Rd7+ Ke5 51. Re7+ Kf5 52. Ne4 Rf8
53. Rd7 Rxe4 54. fxe4+ Kxe4 55. Re7+ Kf3 56. Kc1 Rg8 57. Kd2 Kg3 58. Ke1 Kg2
 0-1

[Event "LTU ch Semifinal 2021"]
[Site "Kaunas"]
[Date "2021.09.26"]
[Round "4"]
[Board "9"]
[White "Morkunas, Gustas"]
[Black "Bosikis, Titas"]
[Result "1-0"]
[WhiteElo "1885"]
[BlackElo "1373"]
[PlyCount "75"]
[EventDate "2021.09.24"]
[EventRounds "8"]
[EventCountry "LTU"]

1. e4 e5 2. Nf3 Nf6 3. Nxe5 d6 4. Nf3 Nxe4 5. Qe2 Qe7 6. d3 Nf6 7. Bg5 Qxe2+ 8.
Bxe2 Be7 9. Nc3 O-O 10. O-O-O h6 11. Bd2 Nc6 12. Rde1 Re8 13. Bd1 Be6 14. h3
Bf8 15. g4 Bd7 16. Nh4 Rxe1 17. Rxe1 Re8 18. Rg1 g5 19. Ng2 Nd4 20. f4 Nh7 21.
h4 f6 22. Be3 Ne6 23. d4 c6 24. d5 Nc7 25. dxc6 Bxc6 26. Bxa7 Bxg2 27. Rxg2
gxf4 28. Rf2 Ne6 29. Bf3 Kh8 30. Re2 Ra8 31. Bb6 Ra6 32. Rxe6 Rxb6 33. Nd5 Rb5
34. Nxf4 Kg7 35. Bd5 Rb6 36. Re8 Rb5 37. c4 Rb6 38. Ne6+  1-0